Computer networks (Record no. 187684)

000 -LEADER
fixed length control field 00366nam a2200133Ia 4500
008 - FIXED-LENGTH DATA ELEMENTS--GENERAL INFORMATION
fixed length control field 220217s9999||||xx |||||||||||||| ||und||
020 ## - INTERNATIONAL STANDARD BOOK NUMBER
International Standard Book Number 9788131509869
082 ## - DEWEY DECIMAL CLASSIFICATION NUMBER
Classification number 004.65 DAV
100 ## - MAIN ENTRY--PERSONAL NAME
Personal name Dave, Mayank
9 (RLIN) 9918
245 #0 - TITLE STATEMENT
Title Computer networks
260 ## - PUBLICATION, DISTRIBUTION, ETC.
Place of publication, distribution, etc. Cengage learning
Name of publisher, distributor, etc. New Delhi
Date of publication, distribution, etc. 2017
300 ## - PHYSICAL DESCRIPTION
Extent XII, 400p.
Other physical details 375
650 ## - SUBJECT ADDED ENTRY--TOPICAL TERM
Topical term or geographic name entry element Computer networks
9 (RLIN) 13005
Holdings
Withdrawn status Lost status Damaged status Not for loan Collection code Home library Current library Shelving location Date acquired Full call number Barcode Date last seen Price effective from Koha item type
        Computer Science and Engineering Central Library Central Library Reference 02/18/2022 004.65 DAV 22873 02/18/2022 02/18/2022 Books

Powered by Koha